000 00313nam a22001457a 4500
008 210301b ||||| |||| 00| 0 eng d
020 _a9780395433027
041 _aeng
080 _23rd
_a541
082 _a541
100 _a12
101 _aKIM
245 _aGeneral Chemistry
_cEbbing, D.D
942 _2udc
_cBK
999 _c55391
_d55391